Normal view
MARC view
- Tahir Hussain.
Entry Personal Name
001 - CONTROL NUMBER
- control field: 3256
003 - CONTROL NUMBER IDENTIFIER
- control field: NUST
005 - DATE AND TIME OF LATEST TRANSACTION
- control field: 20170712162920.0
008 - FIXED-LENGTH DATA ELEMENTS
- fixed length control field: 170712|| aca||aabn | a|a d
040 ## - CATALOGING SOURCE
- Original cataloging agency: NUST
- Transcribing agency: NUST
100 ## - HEADING--PERSONAL NAME
- Personal name: Tahir Hussain.
670 ## - SOURCE DATA FOUND
- Source citation: Work cat.: (NUST): Tahir Hussain., TH-PhD-Beta-lactamases dissemination amongst multidrug-resistant pathogenic Enterobacteriaceae isolated in Pakistan and the United states , 2015.
